Teoría de la decisión /

Guardado en:
Autor Principal: White, D. J.
Formato: Libro
Idioma:Spanish
English
Publicado: Madrid : Alianza Editorial, 1972.
Series:Alianza Universidad ; 16.
Materias:
Etiquetas: Agregar Etiqueta
Sin Etiquetas, Sea el primero en etiquetar este registro!
LEADER 00873nam a22002295a 4500
001 EAD.ead001641
008 081215s1972####sp#######b####000#0#spa#d
005 20191023192510.0
245 1 0 |a Teoría de la decisión /  |c D. J. White ; versión española de José Luis García Molina. 
260 |a Madrid :  |b Alianza Editorial,  |c 1972. 
300 |a 228 p. ;  |c 20 cm. 
490 0 |a Alianza Universidad ;  |v 16 
500 |a Traducción de: Decision theory. 
504 |a Incluye referencias bibliográficas (p. 224-228). 
100 1 |a White, D. J.  |q (Douglas John) 
830 0 |a Alianza Universidad ;  |v 16. 
082 0 4 |a 003.56  |2 21 
650 7 |a Teoría de la decisión.  |2 isoc 
650 7 |a Modelos matemáticos.  |2 isoc 
041 1 |a spa  |h eng 
859 |a AR-BaBDC  |b BIB. ADMINISTRACION - Libros  |h 003.56  |i W582  |p b01312 
859 |a AR-BaBDC  |b BIB. ADMINISTRACION - Libros  |h 003.56  |i W582  |p b01767  |t Ej.2